| 000 | 00383nam a2200133Ia 4500 | ||
|---|---|---|---|
| 008 | 240112s1972-(JAN-JUNE) xx 000 0 und d | ||
| 041 | _aeng | ||
| 082 | _a543.705 | ||
| 100 | _aAPPLETON H.D. | ||
| 245 | _aCLINICAL CHEMISTRY :JOURNAL OF THE AMERICAN ASS.OF THE CLINICAL CHEMISTS | ||
| 260 |
_bPAUL B.HARPER _c1972-(JAN-JUNE) |
||
| 300 |
_a600,HB _c(1-6) |
||
| 440 | _v18 | ||
| 999 |
_c1140800 _d1140800 |
||